| 000 | 00640nam a22002177a 4500 | ||
|---|---|---|---|
| 003 | UA-OsUOA | ||
| 001 | 39537 | ||
| 007 | ta | ||
| 008 | 20060621b un ||||| |||| 00| 0 ukr d | ||
| 100 | _aКарпушин В.А. | ||
| 090 |
_a008"653"(091) _bК26 |
||
| 942 | _cBK | ||
| 040 |
_aUA-OsUOA _cUA-OsUOA _dUA-OsUOA |
||
| 245 | _aИз истории культуры Средних веков и Возрождения | ||
| 300 | _a320 с. | ||
| 955 | _a0 | ||
| 080 | _a008"653"(091) | ||
| 260 |
_aМ. _bНаука _c1976 |
||
| 650 | 7 |
_a008 Цивілізація. Культура. Прогрес _2UDC |
|
| 999 |
_c325678 _d325678 |
||